Villes les plus peuplées de Wallonie - Statistiques

Statistiques générales
  • Ce quiz a été pris 102 fois
  • Le résultat moyen est 12 sur 20
Statistiques - réponses
Population Ville % Correct
203 753 Charleroi
98%
197 355 Liège
98%
110 939 Namur
98%
94 219 Mons
92%
29 829 Arlon
82%
69 104 Tournai
80%
80 097 La Louvière
76%
56 691 Verviers
64%
21 851 Huy
61%
56 389 Mouscron
55%
31 716 Ath
54%
64 325 Seraing
53%
35 628 Waterloo
51%
33 929 Binche
47%
39 924 Herstal
32%
38 030 Châtelet
30%
41 429 Braine-l'Alleud
29%
30 534 Ans
26%
32 671 Ottignies-Louvain-la-Neuve
23%
52 044 Saint-Nicolas
16%
Aucun quiz correspondant
Distribution des résultats
% des personnes avec chaque résultat
Percentile par nombre de réponses
Votre historique - résultats
Vous n’avez pas pris ce quiz